| 000 | 00708nam a2200205 i 4500 | ||
|---|---|---|---|
| 001 | 26960 | ||
| 003 | ES-MaACL | ||
| 005 | 20240219212803.0 | ||
| 007 | t| | ||
| 008 | 030113s1895 xxk ||||1| eng d | ||
| 100 | 1 |
_aAshbee, Henry Spencer ( _d1834-1900) _923593 |
|
| 245 | 1 | 3 |
_aAn iconography of Don Quixote _b: 1605-1895 / _cby H.S. Ashbee. |
| 260 |
_aLondon : _bUniversity Press, _c1895. |
||
| 300 |
_aXI, 202 p., 22 lám. ; _c28 cm. |
||
| 490 | 1 |
_aIllustrated monographs ; _v3 |
|
| 600 | 1 | 7 |
_aCervantes Saavedra, Miguel de, _d1547-1616. _tDon Quijote de la Mancha- _vIlustraciones _2 _9158871 |
| 830 | 0 |
_aIllustrated monographs ; _v3 _9187918 |
|
| 852 |
_aES-MaACL _jG-7331 |
||
| 999 |
_c26960 _d26960 |
||